000 00764nam a2200265Ia 4500
003 OSt
005 20220918194904.0
006 a|||||r|||| 00| 0
007 ta
008 220917b |||||||| |||| 00| 0 eng d
024 _a82,229
037 _cTextual
040 _aARTS
_cARTS
_beng
041 _2eng
_aeng
082 _aS1:682:4, M8
100 _aBernthal John E
_969116
245 0 _aArticulation and phonological disorders
260 _aNew Jersey
_bPrentice Hall
_c1988
300 _aviii,389p.
_ccm.
500 _aIncludes bib; App 368-73p; Includes index
650 _aPSYCHOLOGY
700 _a Bankson Nicholas W
_969117
942 _hS1:682:4, M8
_cTEXL
_2CC
999 _c205951
_d205951